Southville International School and Colleges
Your cart is empty.
  • Cart
  • Lists
    Public lists list_1 View all
    Your lists Log in to create your own lists
  • Log in to your account
  • Your cookies
  • Search history
Southville International School and Colleges
  • Advanced search
  • Recent comments
  • Most popular
  • Libraries

Log in to your account

Log in with GOOGLE


If you do not have an external account, but do have a local account, you can still log in:

  1. Home
  2. MARC view: Oh heavenly dog /
Normal view MARC view ISBD view

Oh heavenly dog / (Record no. 276701)

[ view plain ]
MARC details
000 -LEADER
fixed length control field 00433nam a22001570 4500
001 - CONTROL NUMBER
control field ocm0590314009
005 - DATE AND TIME OF LATEST TRANSACTION
control field 20141104110747.0
008 - FIXED-LENGTH DATA ELEMENTS--GENERAL INFORMATION
fixed length control field 980912s1980
020 ## - INTERNATIONAL STANDARD BOOK NUMBER
International Standard Book Number 0590314009
050 ## - LIBRARY OF CONGRESS CALL NUMBER
Classification number PZ 7
Item number .C186 1980
100 1# - MAIN ENTRY--PERSONAL NAME
Personal name Camp, Joe.
245 10 - TITLE STATEMENT
Title Oh heavenly dog /
Statement of responsibility, etc Joe Camp.
260 ## - PUBLICATION, DISTRIBUTION, ETC. (IMPRINT)
Place of publication, distribution, etc New York :
Name of publisher, distributor, etc Scholastic Book Service,
Date of publication, distribution, etc c1980.
300 ## - PHYSICAL DESCRIPTION
Extent 139 pages :
Other physical details illustrated ;
Dimensions 18 cm.
942 ## - ADDED ENTRY ELEMENTS (KOHA)
Source of classification or shelving scheme Library of Congress Classification
Koha item type Books
Holdings
Withdrawn status Lost status Source of classification or shelving scheme Damaged status Home library Current library Shelving location Date acquired Total Checkouts Full call number Barcode Date last seen Price effective from Koha item type
    Library of Congress Classification   College Library College Library Fiction Section 11/04/2014   PZ 7 .C186 1980 C1695 05/08/2018 11/04/2014 Books

Oh heavenly dog /

APA

Camp J., . (1980). Oh heavenly dog. New York: Scholastic Book Service.

Chicago

Camp Joe, . 1980. Oh heavenly dog. New York: Scholastic Book Service.

Harvard

Camp J., . (1980). Oh heavenly dog. New York: Scholastic Book Service.

MLA

Camp Joe, . Oh heavenly dog. New York: Scholastic Book Service. 1980.

  • Place hold
  • Print
  • Cite
  • Add to your cart (remove)
  • Save record
    BIBTEX Dublin Core MARCXML MARC (non-Unicode/MARC-8) MARC (Unicode/UTF-8) MARC (Unicode/UTF-8, Standard) MODS (XML) RIS
  • More searches
    Search for this title in:
    Other Libraries (WorldCat) Other Databases (Google Scholar) Online Stores (Bookfinder.com) Open Library (openlibrary.org)

Exporting to Dublin Core...

SOUTHVILLE LIBRARY

Southville International School and Colleges Library

1281 Tropical Ave. Cor. Luxembourg St., BF Homes International, Las Pinas City

Tel. No. 8256374 / 252358 Loc. 117/146

Powered by Koha